[Event "RUS-ch Men Rapid 2019"]
[Site "Sochi"]
[Date "2019.10.16"]
[Round "8.18"]
[White "Lugovskoy, Maxim"]
[Black "Ivlev, Aleksey"]
[Result "1-0"]
[WhiteElo "2436"]
[BlackElo "2292"]
[Annotator "NA"]
[PlyCount "91"]
[EventDate "2019.10.15"]
[EventType "swiss"]
[EventCountry "RUS"]
[SourceTitle "playchess.com"]
[Source "ChessBase"]
[SourceQuality "1"]
[TimeControl "900+10"]

1. e4 {[%emt 0:00:17]} c6 {[%emt 0:00:00]} 2. d4 {[%emt 0:00:04]} d5 {[%emt 0:00:00]} 3. f3 {[%emt 0:00:05]} e6 {[%emt 0:00:00]} 4. Nc3 {[%emt 0:00:02]} Bb4 {[%emt 0:00:02]} 5. Bd2 {[%emt 0:00:44]} dxe4 {[%emt 0:00:38]} 6. Nxe4 {[%emt 0:00:03]} Bxd2+ {[%emt 0:00:11]} 7. Qxd2 {[%emt 0:00:03]} Nf6 {[%emt 0:00:01]} 8. O-O-O {[%emt 0:00:08]} O-O {[%emt 0:00:03]} 9. Nh3 {[%emt 0:00:45]} Nbd7 {[%emt 0:00:39]} 10. Nhf2 {[%emt 0:00:59]} Qe7 {[%emt 0:00:27]} 11. Bd3 {[%emt 0:00:07]} c5 {[%emt 0:00:17]} 12. Nxf6+ {[%emt 0:02:03]} Nxf6 {[%emt 0:00:06]} 13. dxc5 {[%emt 0:00:05]} Qxc5 {[%emt 0:00:06]} 14. Ne4 {[%emt 0:00:01]} Nxe4 {[%emt 0:01:13]} 15. Bxe4 {[%emt 0:00:01]} e5 {[%emt 0:00:45]} 16. Rhe1 {[%emt 0:00:44]} Be6 {[%emt 0:00:42]} 17. Qd6 {[%emt 0:00:05]} Qa5 {[%emt 0:00:32]} 18. a3 {[%emt 0:00:26]} Rad8 {[%emt 0:00:27]} 19. Qe7 {[%emt 0:00:06]} Rfe8 {[%emt 0:02:38]} 20. Qh4 {[%emt 0:02:30]} h6 {[%emt 0:00:49]} 21. g4 {[%emt 0:00:11]} Qc7 {[%emt 0:02:01]} 22. Qf2 {[%emt 0:00:23]} b5 {[%emt 0:00:16]} 23. Qe3 {[%emt 0:00:23]} a5 {[%emt 0:01:32]} 24. Bd3 {[%emt 0:00:26]} Bc4 {[%emt 0:00:01]} 25. Bxc4 {[%emt 0:00:58]} Rxd1+ {[%emt 0:00:15]} 26. Rxd1 {[%emt 0:00:04]} Qxc4 {[%emt 0:00:01]} 27. Kb1 {[%emt 0:00:22]} b4 {[%emt 0:00:36]} 28. Qe4 {[%emt 0:00:17]} Qc5 {[%emt 0:01:00]} 29. a4 {[%emt 0:00:01]} Qf2 {[%emt 0:00:25]} 30. h3 {[%emt 0:00:25]} Qg3 {[%emt 0:00:37]} 31. Rd5 {[%emt 0:00:37]} Qxh3 {[%emt 0:01:58]} 32. Rxa5 {[%emt 0:00:01]} Qf1+ {[%emt 0:00:09]} 33. Ka2 {[%emt 0:00:01]} g6 {[%emt 0:00:26]} 34. Qd5 {[%emt 0:01:18]} Qe2 {[%emt 0:00:27]} 35. Ra7 {[%emt 0:00:11]} Rf8 {[%emt 0:00:01]} 36. Rc7 {[%emt 0:00:07]} Qa6 {[%emt 0:00:21]} 37. a5 {[%emt 0:00:01]} Qf6 {[%emt 0:00:34]} 38. Rc6 {[%emt 0:00:08]} Qe7 {[%emt 0:00:07]} 39. Rxg6+ {[%emt 0:00:02]} Kh7 {[%emt 0:00:01]} 40. Rd6 {[%emt 0:00:13]} Kg7 {[%emt 0:00:06]} 41. a6 {[%emt 0:00:01]} Rc8 {[%emt 0:00:13]} 42. Kb1 {[%emt 0:00:24]} b3 {[%emt 0:00:06]} 43. cxb3 {[%emt 0:00:09]} Rc7 {[%emt 0:00:23]} 44. Ka2 {[%emt 0:00:12]} Rc1 {[%emt 0:00:01]} 45. b4 {[%emt 0:00:22]} Qg5 {[%emt 0:00:08]} 46. a7 {[%emt 0:00:09]} 1-0

[Event "RUS-ch Men Rapid 2019"]
[Site "Sochi"]
[Date "2019.10.16"]
[Round "8.19"]
[White "Sadovsky, Artem"]
[Black "Khegay, Dmitriy"]
[Result "0-1"]
[WhiteElo "2411"]
[BlackElo "2509"]
[Annotator "ChessBase"]
[PlyCount "119"]
[EventDate "2019.10.15"]
[EventType "swiss"]
[EventCountry "RUS"]
[SourceTitle "playchess.com"]
[Source "ChessBase"]
[SourceQuality "1"]
[TimeControl "900+10"]

1. Nf3 {[%emt 0:00:00]} d5 {[%emt 0:00:00]} 2. g3 {[%emt 0:00:00]} Nc6 {[%emt 0:00:00]} 3. d4 {[%emt 0:00:04]} Bg4 {[%emt 0:00:00]} 4. Bg2 {[%emt 0:00:01]} e6 {[%emt 0:00:00]} 5. c3 {[%emt 0:00:29]} Bd6 {[%emt 0:00:00]} 6. a4 {[%emt 0:00:33]} Nf6 {[%emt 0:00:03]} 7. Na3 {[%emt 0:00:17]} a6 {[%emt 0:00:06]} 8. Nc2 {[%emt 0:00:18]} O-O {[%emt 0:00:18]} 9. O-O {[%emt 0:00:27]} Ne4 {[%emt 0:01:01]} 10. Nd2 {[%emt 0:00:13]} Nf6 {[%emt 0:00:25]} 11. Qe1 {[%emt 0:00:23]} e5 {[%emt 0:00:11]} 12. e4 {[%emt 0:02:12]} exd4 {[%emt 0:02:20]} 13. cxd4 {[%emt 0:00:01]} dxe4 {[%emt 0:00:15]} 14. Nxe4 {[%emt 0:00:03]} Nxe4 {[%emt 0:00:11]} 15. Qxe4 {[%emt 0:00:04]} Bh5 {[%emt 0:00:18]} 16. Qd5 {[%emt 0:02:03]} Bg6 {[%emt 0:00:12]} 17. Bg5 {[%emt 0:00:02]} Qd7 {[%emt 0:00:26]} 18. Ne3 {[%emt 0:00:26]} h6 {[%emt 0:00:43]} 19. Bf4 {[%emt 0:00:43]} Rad8 {[%emt 0:00:10]} 20. Bxd6 {[%emt 0:00:25]} Qxd6 {[%emt 0:00:02]} 21. Qxd6 {[%emt 0:00:08]} Rxd6 {[%emt 0:00:20]} 22. Rfc1 {[%emt 0:01:41]} Rxd4 {[%emt 0:00:19]} 23. Bxc6 {[%emt 0:00:38]} bxc6 {[%emt 0:00:01]} 24. Rxc6 {[%emt 0:00:02]} Rb8 {[%emt 0:00:08]} 25. Rxa6 {[%emt 0:01:37]} Rxb2 {[%emt 0:00:02]} 26. Rc6 {[%emt 0:01:30]} Rdd2 {[%emt 0:01:13]} 27. a5 {[%emt 0:03:04]} Rxf2 {[%emt 0:01:00]} 28. Rc4 {[%emt 0:00:11]} Rfe2 {[%emt 0:00:49]} 29. a6 {[%emt 0:00:55]} Ra2 {[%emt 0:00:01]} 30. Rxa2 {[%emt 0:00:50]} Rxa2 {[%emt 0:00:02]} 31. Nd5 {[%emt 0:00:00]} Bd3 {[%emt 0:00:06]} 32. Rxc7 {[%emt 0:00:25]} Rxa6 {[%emt 0:00:08]} 33. Rc8+ {[%emt 0:00:31]} Kh7 {[%emt 0:00:01]} 34. Rc7 {[%emt 0:00:05]} Be4 {[%emt 0:00:39]} 35. Nf4 {[%emt 0:00:07]} Rf6 {[%emt 0:03:09]} 36. Re7 {[%emt 0:00:02]} Bc6 {[%emt 0:00:12]} 37. Rc7 {[%emt 0:00:02]} g6 {[%emt 0:00:24]} 38. h4 {[%emt 0:00:13]} Kg7 {[%emt 0:00:07]} 39. Re7 {[%emt 0:00:29]} Rd6 {[%emt 0:00:05]} 40. Kf2 {[%emt 0:00:08]} Kf6 {[%emt 0:00:03]} 41. Rc7 {[%emt 0:00:04]} Bd7 {[%emt 0:00:10]} 42. Kf3 {[%emt 0:00:06]} Bc6+ {[%emt 0:00:42]} 43. Ke3 {[%emt 0:00:03]} g5 {[%emt 0:00:19]} 44. hxg5+ {[%emt 0:00:08]} hxg5 {[%emt 0:00:01]} 45. Ne2 {[%emt 0:00:18]} Bd5 {[%emt 0:00:23]} 46. Nd4 {[%emt 0:00:04]} Ra6 {[%emt 0:00:02]} 47. Nb5 {[%emt 0:00:14]} Be6 {[%emt 0:00:15]} 48. Ra7 {[%emt 0:00:14]} Rxa7 {[%emt 0:00:14]} 49. Nxa7 {[%emt 0:00:02]} Bd7 {[%emt 0:00:01]} 50. Kd4 {[%emt 0:00:26]} Kf5 {[%emt 0:00:06]} 51. Kd5 {[%emt 0:00:01]} Kg4 {[%emt 0:00:05]} 52. Kd6 {[%emt 0:00:01]} Be6 {[%emt 0:00:16]} 53. Nc6 {[%emt 0:00:10]} Kxg3 {[%emt 0:00:02]} 54. Ke5 {[%emt 0:00:04]} Kh3 {[%emt 0:00:16]} 55. Nd4 {[%emt 0:00:03]} g4 {[%emt 0:00:10]} 56. Kf4 {[%emt 0:00:03]} g3 {[%emt 0:00:04]} 57. Ne2 {[%emt 0:00:09]} g2 {[%emt 0:00:02]} 58. Ke3 {[%emt 0:00:20]} Bg4 {[%emt 0:00:12]} 59. Ng1+ {[%emt 0:00:09]} Kh2 {[%emt 0:00:02]} 60. Kd4 0-1

[Event "RUS-ch Men Rapid 2019"]
[Site "Sochi"]
[Date "2019.10.16"]
[Round "8.20"]
[White "Grachev, Boris"]
[Black "Yatzenko, Anton"]
[Result "1-0"]
[WhiteElo "2621"]
[BlackElo "2383"]
[Annotator "TA"]
[PlyCount "86"]
[EventDate "2019.10.15"]
[EventType "swiss"]
[EventCountry "RUS"]
[SourceTitle "playchess.com"]
[Source "ChessBase"]
[SourceQuality "1"]

{[%evp 9,86,0,2,0,4,0,5,1,26,-6,48,7,37,23,29,18,59,20,53,47,49,25,48,18,54,55,34,38,59,62,64,69,48,76,70,72,59,60,124,124,180,177,178,177,177,177,160,176,177,164,177,162,164,154,168,108,108,108,108,108,108,108,108,108,108,108,248,241,236,233,248,238,225,217,231,229,234,234,207]} 1. Nf3 d5 2. e3 Nf6 3. c4 e6 4. Nc3 Be7 5. b3 dxc4 6. Bxc4 {A17: English Opening: 1...Nf6 with ...Bb4} (6. bxc4 c5 7. g3 b6 8. Bg2 Bb7 9. O-O O-O 10. Bb2 Nc6 11. Qe2 Qd7 12. Rad1 Rad8 13. d4 cxd4 14. exd4 Na5 15. d5 Qc8 16. Ne5 exd5 17. Nxd5 Nxd5 18. Bxd5 Bxd5 19. cxd5 {½-½ (41) Wei,Y (2736)-Nakamura,H (2761) Abidjan 2019}) 6... c5 7. Bb2 a6 8. Be2 $146 {The position is equal.} ({Predecessor:} 8. d4 b5 9. Bd3 O-O 10. O-O Bb7 11. dxc5 Bxc5 12. Rc1 Nbd7 13. Ng5 Rc8 14. Qe2 Qe7 15. Rc2 Rfd8 16. Nge4 Nd5 17. Nxd5 Bxd5 18. Rfc1 Qf8 19. Nxc5 Rxc5 20. Rxc5 Nxc5 {1-0 (37) Beckmann,R-Kalla,C Werther 2000}) 8... Nc6 9. Qc2 Qc7 (9... b6 $11) 10. a3 e5 11. O-O O-O 12. Rac1 b5 13. Ng5 {And now Nd5! would win.} g6 14. Nge4 Nxe4 $1 15. Nd5 Qd8 16. Qxe4 Bb7 {White should prevent ...Nd4!} 17. Nxe7+ Qxe7 18. Qc2 $36 {[%mdl 2048] Black is under pressure.} Rfd8 19. Rfd1 Na5 20. Qc3 b4 $1 {[%cal Rb4c3]} 21. axb4 cxb4 22. Qxe5 Qxe5 23. Bxe5 Nxb3 {[#]} (23... Bd5 $1 $14) 24. Rb1 $1 $16 {[%cal Rb1b3]} Bd5 {[#]} (24... Nxd2 $16 25. Rxb4 Bc6) 25. e4 $1 $18 {[%cal Re4d5][%mdl 576] Deflection} Bxe4 26. Rxb3 Bc2 27. Rxb4 {Re1 is the strong threat.} Bxd1 28. Bxd1 Rxd2 {[%cal Rd2d1]} 29. Bb3 Rd7 30. g4 a5 31. Rb6 Rda7 32. Bd5 (32. Ba4 $18) 32... Re8 $16 33. Bf6 a4 34. Kg2 a3 {With the idea ...a2.} 35. Ba2 Rea8 36. g5 Rc8 37. h4 h6 (37... Rca8 $16 {is a better defense.} 38. Rd6 Ra6) 38. Rd6 $18 {White is clearly better.} Kh7 39. Bd4 Rb7 40. Ra6 Rb4 41. Be3 Rxh4 42. Bxf7 {Black must now prevent Ra7.} ({Much less strong is} 42. Rxa3 $6 Rc7) 42... hxg5 43. Bxg6+ Kg7 {Accuracy: White = 76%, Black = 51%.} 1-0

[Event "RUS-ch Men Rapid 2019"]
[Site "Sochi"]
[Date "2019.10.16"]
[Round "8.21"]
[White "Kabanov, Nikolai"]
[Black "Ponkratov, Pavel"]
[Result "0-1"]
[WhiteElo "2455"]
[BlackElo "2621"]
[Annotator "TA"]
[PlyCount "64"]
[EventDate "2019.10.15"]
[EventType "swiss"]
[EventCountry "RUS"]
[SourceTitle "playchess.com"]
[Source "ChessBase"]
[SourceQuality "1"]

{[%evp 16,64,32,28,26,37,49,45,58,0,5,-35,-33,-32,-23,-25,-25,-57,-57,-90,-60,-65,-83,-178,-181,-228,-220,-228,-219,-216,-208,-200,-200,-299,-301,-364,-352,-804,-804,-1073,-1073,-29970,-1072,-29969,-29970,-29970,-29971,-29968,-29966,-29975,-29974]} 1. e4 c5 2. Nc3 d6 3. f4 Nc6 4. Nf3 g6 5. Bb5 Bg7 6. O-O Nf6 7. d3 O-O 8. Bxc6 bxc6 9. Qe1 c4 {B23: Closed Sicilian: Lines without g3} (9... Nd7 10. Kh1 e5 11. f5 gxf5 12. Nh4 f4 13. g3 c4 14. Nf5 cxd3 15. gxf4 Nc5 16. Nxg7 Kxg7 17. b4 Nd7 18. cxd3 {½-½ (50) Rapport,R (2717)-Tan,Z (2496) Danzhou 2016}) 10. dxc4 Ba6 11. e5 Nd7 {White is slightly better.} 12. Qe4 $146 (12. e6 $1 $14) ({Predecessor:} 12. e6 Nc5 13. exf7+ Rxf7 14. Ng5 Rf5 15. Be3 Bxc4 16. Bxc5 dxc5 17. Rf3 {0-1 (27) Van Kessel,W (2007)-Inkiov,V (2467) Gent 2016}) 12... d5 $11 13. cxd5 (13. Qe3 {looks sharper.} Bxc4 14. Re1 c5 15. b3 d4 16. Qf2) 13... cxd5 14. Nxd5 Bxf1 15. Kxf1 e6 $36 {[%mdl 2048] White must now prevent ...Nc5. White is under pressure.} 16. Ne3 f6 $1 {[%cal Rf6e5]} 17. Nc4 fxe5 18. fxe5 Rc8 $1 19. Be3 (19. Bf4 $17) 19... Qc7 $1 $19 {[%csl LRc4,LRe5]} 20. b3 Nxe5 $1 21. Ncxe5 Qxe5 22. Qxe5 Bxe5 23. Re1 Rxc2 24. Bxa7 (24. Re2 $142 Rxe2 25. Kxe2) 24... Bxh2 ({Not} 24... Rxa2 25. Bc5 $17) 25. Rxe6 Bg3 {aiming for ...g5.} ({Resist} 25... Rxa2 26. Bf2 $19) 26. a4 $2 (26. Bd4) 26... g5 27. Bd4 g4 {[%mdl 64] Pin} 28. Re7 Rf4 (28... Rc1+ $142 29. Ke2 gxf3+ 30. gxf3 Re1+ 31. Kd2 Rxe7 32. Bc5 Rd8+ 33. Kc3 {[#]} Rc7 $1 {[%mdl 512]} 34. b4 h5 35. Kc4 h4 36. Kb5 Rxc5+ $1 {[%mdl 512]} 37. bxc5 h3 38. Kc4 h2 39. c6 h1=Q 40. c7 Bxc7 41. Kb5 Qxf3 42. Kc4 Qd3+ 43. Kc5 Ba5 44. Kc6 Qd5#) 29. Be5 Rc1+ {Black mates.} 30. Ke2 gxf3+ 31. gxf3 Re1+ 32. Kd2 {[#]} Rxe5 $1 {[%mdl 64] Remove Defender. Accuracy: White = 25%, Black = 87%.} 0-1

[Event "RUS-ch Men Rapid 2019"]
[Site "Sochi"]
[Date "2019.10.16"]
[Round "8.22"]
[White "Yudin, Sergei"]
[Black "Remizov, Yaroslav"]
[Result "1-0"]
[WhiteElo "2497"]
[BlackElo "2394"]
[Annotator "TA"]
[PlyCount "99"]
[EventDate "2019.10.15"]
[EventType "swiss"]
[EventCountry "RUS"]
[SourceTitle "playchess.com"]
[Source "ChessBase"]
[SourceQuality "1"]

{[%evp 10,129,12,13,30,27,35,29,47,39,34,27,45,16,44,33,43,25,22,-9,49,-9,108,29,43,27,225,227,231,206,226,221,207,193,226,220,211,219,223,138,144,147,187,127,126,117,122,127,125,110,132,130,129,113,112,104,102,63,62,63,64,40,56,41,69,43,34,39,103,106,104,107,101,98,135,136,137,128,128,128,142,108,97,11,119,103,183,183,171,146,719,719,719,719,719,719,712,712,712,712,701,669,674,662,701,701,676,613,676,667,633,622,4922,427,4937,4922,8122,4926,29983,4918,29967,4918]} 1. e4 c6 2. d4 d5 3. exd5 cxd5 4. Bd3 Nc6 5. c3 Qc7 6. h3 e6 {B13: Caro-Kann: Exchange Variation and Panov-Botvinnik Attack} (6... g6 7. Qc2 f6 8. Ne2 e5 9. O-O Nge7 10. dxe5 fxe5 11. c4 e4 12. Bxe4 dxe4 13. Nbc3 Bg7 14. Nd5 Qd6 {0-1 (29) Aronian,L (2767)-Howell,D (2685) Caleta 2019}) 7. Nf3 Bd6 8. O-O Nge7 {White has an edge.} 9. Re1 Ng6 10. Nbd2 O-O 11. Nf1 Nce7 12. h4 $146 ({Predecessor:} 12. Bc2 h6 13. Qd3 f5 14. Bb3 {1-0 (61) Gelbenegger,P (2260)-Wagner,L (2108) Vienna 2018}) 12... Bd7 13. h5 Nf4 14. h6 gxh6 (14... f6 $11) 15. Bc2 ({White should play} 15. Ne5 $14 Bxe5 16. dxe5 Nxd3 17. Qxd3) 15... Kh8 (15... f6 $1 $11) 16. Ne5 (16. Bxf4 $6 Bxf4 17. g3 Rg8 $11) ({White should try} 16. g3 $1 $16) 16... Neg6 $1 $11 {[%cal Rg6e5]} 17. Qf3 $36 {[%mdl 2048] Black is under pressure.} Bxe5 $2 (17... f6 $1 $11 18. Nxd7 Qxd7) 18. dxe5 $18 f6 (18... Qc4 19. b3 $18) 19. Bxf4 fxe5 20. Bxg6 $1 Rxf4 21. Qh5 {[%mdl 64] Double Attack} hxg6 22. Qxh6+ Kg8 23. Qxg6+ Kf8 24. Qh6+ Ke7 25. Qg5+ Kd6 26. Qxe5+ ({Much less strong is} 26. Rxe5 $6 Raf8 $16) ({Better is} 26. c4 $18 Rf5 27. Qg3) 26... Kc6 $16 27. Rad1 Raf8 28. Qxc7+ Kxc7 29. f3 b5 30. Ne3 a5 31. a3 b4 32. axb4 axb4 33. Ra1 bxc3 34. bxc3 Ra4 35. Rad1 Rb8 36. Rd2 Rb3 37. Rc1 Raa3 38. Nd1 Be8 (38... Bb5 $14) 39. c4 Kd6 40. cxd5 exd5 41. Nf2 Bg6 42. Rc8 Bf7 43. Ne4+ Ke5 44. Ng5 Bg6 45. Rc6 Bd3 46. Ne6 (46. Nf7+ $16 Kd4 47. Kf2) 46... Bb5 (46... Rc3 $11 47. Nd8 Rxc6 48. Nxc6+ Kd6) 47. f4+ Ke4 {[#]} (47... Kf6 $16 48. Rd6 Ke7) 48. Rb6 $1 $18 {Black must now prevent Kf2.} Rb1+ 49. Kh2 Bd3 $2 {[%mdl 8192] [#]} (49... Raa1 $16 50. Rd4+ Ke3) 50. Nc5+ {Played: Rd2xd3} 1-0

[Event "RUS-ch Men Rapid 2019"]
[Site "Sochi"]
[Date "2019.10.16"]
[Round "8.23"]
[White "Nozdrachev, Vladislav"]
[Black "Eraschenkov, Denis"]
[Result "1-0"]
[WhiteElo "2494"]
[BlackElo "2382"]
[Annotator "TA"]
[PlyCount "119"]
[EventDate "2019.10.15"]
[EventType "swiss"]
[EventCountry "RUS"]
[SourceTitle "playchess.com"]
[Source "ChessBase"]
[SourceQuality "1"]

{[%evp 12,119,15,20,19,8,21,-56,-63,-65,-61,-81,-78,-82,-77,-76,-66,-76,-80,-83,-74,-91,-33,-37,-33,-78,-83,-80,-85,-77,-65,-91,-43,-91,-15,-15,-14,-7,-7,-6,-2,-55,-55,-49,-45,-43,-52,-46,14,-102,-79,-77,-17,-19,-12,-19,-7,-32,-29,-91,-71,-71,-64,-123,-43,-47,-15,-72,-23,-38,-4,-4,0,0,0,0,8,0,0,0,0,0,0,0,262,256,383,369,310,267,592,616,535,8,8,8,8,14,6044,5966,5527,5177,4133,4134,29982,29983,29989,29990,29990,29991]} 1. e4 e5 2. Nf3 Nf6 3. Nxe5 d6 4. Nf3 Nxe4 5. c4 Nc6 6. Nc3 Nxc3 7. dxc3 g6 {C42: Petroff Defence: 3 Nxe5 and unusual White 3rd moves} 8. Bd3 $146 ({Predecessor:} 8. Bg5 Be7 9. Bh6 Bf8 10. Bg5 Be7 11. Bh6 Bf8 12. Bg5 {½-½ (12) Jones,G (2640)-Mamedyarov,S (2804) Wijk aan Zee 2018}) 8... Qe7+ 9. Be3 (9. Be2 $11) 9... Bh6 $15 {Black is slightly better.} 10. Qe2 Bxe3 11. Qxe3 Qxe3+ 12. fxe3 O-O 13. Kd2 Bd7 14. Rhf1 Rae8 15. Nd4 Ne5 16. Be2 c5 (16... Bg4 $17 17. Nf3 Bd7) 17. Nb5 $1 Bc6 18. Nxa7 Bxg2 19. Rf2 Be4 20. Nb5 f5 21. a4 Rf6 22. a5 d5 ({Black should try} 22... Re7 $17 23. Rd1 Nc6) 23. cxd5 $11 Bxd5 {Black wants to play ...Rd8.} 24. Nc7 Rd8 {White should prevent ...Bb3+.} 25. Nxd5 Rxd5+ 26. Kc2 (26. Ke1 $11) 26... Rfd6 $15 27. Bf1 Ng4 28. Re2 Re5 29. Rae1 c4 ({Black should play} 29... Re7 $15) 30. Rd2 (30. e4 $11) 30... Rxd2+ (30... Rc6 {with more complications.} 31. e4 f4 32. Rd4 Rec5 33. h4 Ne3+) 31. Kxd2 $17 {[%mdl 4096] Endgame KRB-KRN} Rc5 (31... Rxa5 $17 32. Bxc4+ Kg7) 32. h3 $11 Ne5 {aiming for ...Nf3+.} 33. Ra1 Kf7 34. Kc2 g5 35. a6 (35. b3 $11 {keeps the balance.}) 35... bxa6 $17 36. Rxa6 g4 37. Kd2 (37. Ra7+ $15 Kg6 38. e4) 37... Nf3+ (37... g3 $17 38. Bg2 Rb5 39. Ra7+ Kf6) 38. Ke2 $1 $15 Rb5 39. Ra2 (39. Kf2 $11 Rxb2+ 40. Kg3) 39... h5 40. Kf2 Nd2 41. b4 Ne4+ 42. Kg2 Kf6 43. Bxc4 Rb8 44. Ra6+ Kg5 45. hxg4 fxg4 46. Ra5+ Kh4 47. Bf7 {[%csl Gf7][%cal Ra5h5]} Ng5 $2 {[%mdl 8192]} (47... Ng3 $1 $11 {and Black is okay.}) 48. Bd5 $18 Rf8 (48... Nh7 $142 49. b5 Nf8) 49. b5 $1 {[%cal Rb5b6]} Rf5 {[#]} 50. c4 $1 {Threatens to win with b6.} g3 $2 {[#]} (50... Nh3 {is a better chance.} 51. Ra2 Re5) 51. Ra2 $1 Kg4 52. b6 $2 ({White has to play} 52. Rd2 $18 {Black must now prevent Rd4+.} h4 53. Rd4+ Kh5 54. Rf4) 52... h4 $11 {And now ...h3+ would win.} 53. b7 h3+ 54. Kg1 h2+ $2 {[%mdl 8192]} (54... Rf8 $11 55. Rb2 Rb8) 55. Kg2 $18 Rf8 56. c5 Rh8 57. Ra1 Rf8 58. Ra4+ {White mates.} Kf5 59. Rf4+ Ke5 60. Rxf8 {Accuracy: White = 37%, Black = 39%.} 1-0

[Event "RUS-ch Men Rapid 2019"]
[Site "Sochi"]
[Date "2019.10.16"]
[Round "8.24"]
[White "Papin, Vasily"]
[Black "Ozgibcev, Anatoly"]
[Result "1-0"]
[WhiteElo "2481"]
[BlackElo "2367"]
[Annotator "TA"]
[PlyCount "45"]
[EventDate "2019.10.15"]
[EventType "swiss"]
[EventCountry "RUS"]
[SourceTitle "playchess.com"]
[Source "ChessBase"]
[SourceQuality "1"]

{[%evp 23,145,22,22,21,20,4,36,35,34,41,41,26,45,34,59,76,87,82,82,62,100,39,216,213,208,208,196,183,248,235,277,277,323,281,277,274,277,278,282,275,281,264,277,241,241,214,281,235,371,301,313,281,287,283,289,298,298,289,291,291,331,165,252,263,287,270,320,325,352,370,344,323,423,409,407,416,407,371,345,301,304,0,305,0,384,318,305,300,250,215,383,310,233,283,463,426,410,406,458,417,1360,1381,1667,2855,29982,8535,29984,10424,7486,7043,29984,29985,29987,29988,29988,29988,29988,29989,29989,29990,29990,29991,29991,29992]} 1. c4 e6 2. g3 d5 3. Bg2 c5 4. cxd5 exd5 5. d4 Nf6 6. Nf3 Nc6 7. O-O cxd4 8. Nxd4 Be7 9. Nc3 O-O 10. b3 Bg4 11. Bb2 Qd7 12. Rc1 Rfe8 13. Nxc6 {D30: Queen's Gambit Declined: Systems without Nc3} (13. Re1 Rad8 14. Qd3 Bb4 15. a3 Bf8 16. Nxc6 bxc6 17. Na4 Re6 18. e3 Qb7 19. Nc5 Bxc5 20. Rxc5 Ne4 {0-1 (32) Chatalbashev,B (2596)-Solodovnichenko,Y (2541) Val Thorens 2008}) 13... bxc6 14. Qd3 $146 ({Predecessor:} 14. Qd2 Bb4 15. Qf4 Bxc3 16. Bxc3 Bxe2 17. Rfe1 Qg4 18. Bxf6 Qxf4 19. gxf4 gxf6 20. Rxc6 d4 {1-0 (32) Schmuecker,M (2188)-Schiffer,K (2219) Germany 2013}) 14... Bb4 15. e3 {White is slightly better.} Rac8 16. Na4 Bf5 17. Qd4 Bf8 18. Rfd1 Bh3 19. Nc5 Bxc5 20. Rxc5 Bxg2 21. Kxg2 Re4 22. Qc3 (22. Qd2 $16) 22... h5 $2 {[#]} ({Better is} 22... Rh4 $14) 23. Qc2 {Played: Rd1xd5} 1-0

[Event "RUS-ch Men Rapid 2019"]
[Site "Sochi"]
[Date "2019.10.16"]
[Round "8.25"]
[White "Vastrukhin, Oleg"]
[Black "Gorbatov, Alexej"]
[Result "1/2-1/2"]
[WhiteElo "2428"]
[BlackElo "2355"]
[Annotator "TA"]
[PlyCount "149"]
[EventDate "2019.10.15"]
[EventType "swiss"]
[EventCountry "RUS"]
[SourceTitle "playchess.com"]
[Source "ChessBase"]
[SourceQuality "1"]

{[%evp 9,149,24,32,34,56,56,56,53,55,60,65,77,64,37,97,66,67,66,67,58,73,73,73,73,73,72,82,77,74,73,86,54,111,99,84,113,173,173,173,167,167,165,169,103,103,91,120,91,91,91,91,91,91,91,91,91,91,91,91,91,91,91,91,91,91,35,35,0,0,0,0,0,0,0,0,0,0,0,0,0,0,0,0,0,0,0,0,0,0,0,0,0,0,0,0,0,0,0,0,0,6,6,1035,920,675,0,0,0,355,0,0,0,0,0,0,0,0,0,0,0,0,0,0,0,0,0,0,0,0,0,0,0,0,0,0,0,0,0,0,0,0,0]} 1. g3 h5 (1... c5 2. Bg2 Nc6 3. e4 g6 4. d3 Bg7 5. f4 d6 6. Nf3 Nf6 7. O-O O-O 8. h3 b5 9. g4 b4 10. a3 a5 11. axb4 cxb4 12. Be3 Ba6 13. Re1 Qc7 14. Nbd2 Rfc8 15. d4 Na7 16. Ng5 {0-1 (38) Morozevich,A (2659)-Leko,P (2674) Abu Dhabi 2019}) 2. Nf3 b5 3. a4 $146 ({Predecessor:} 3. Bg2 Bb7 4. O-O e6 5. d3 c5 6. e4 Be7 7. a4 a6 8. h4 Nh6 9. Bf4 {1-0 (42) Vaulin,A (2550)-Gorbatov,A (2415) St Petersburg 1994}) 3... b4 4. e4 Bb7 5. Qe2 Nf6 6. e5 {A00: Irregular Openings} Ng4 7. Bg2 c5 8. O-O {White is slightly better.} Nc6 9. d3 Qc7 {[%cal Rg4e5]} 10. Bf4 ({Much worse is} 10. h3 Ngxe5 11. Nbd2 (11. Nxe5 Nd4 $17) 11... Nxf3+ 12. Nxf3 e6 $15) 10... e6 11. Nbd2 Be7 ({Black should try} 11... d5 $14) 12. Nc4 Na5 13. Nxa5 Qxa5 14. Nd2 Bxg2 15. Kxg2 g5 16. Nc4 Qc7 17. Bd2 Qc6+ 18. Qe4 f5 19. Qxc6 dxc6 20. f4 gxf4 ({Better is} 20... Rg8 $14) 21. gxf4 $16 Rg8 22. Kh1 Kd7 (22... b3 $16) 23. h3 $18 Nh6 24. Rg1 Nf7 25. Be3 Raf8 26. Bf2 ({White should play} 26. a5 $1 $18) 26... Nd8 $16 27. c3 a6 28. Rxg8 Rxg8 29. Rg1 Rxg1+ 30. Kxg1 {[%mdl 4096] Endgame KBN-KBN} Nb7 31. Kf1 bxc3 32. bxc3 Kc7 33. Ke2 Kd7 34. Kd1 Kc7 35. Kc2 Kd7 36. Ne3 Na5 37. Nf1 (37. c4 $1 $16) 37... c4 $14 38. Bb6 cxd3+ 39. Kxd3 Nb7 $1 40. Be3 Nc5+ 41. Bxc5 $1 Bxc5 $11 {KB-KN} 42. Ng3 h4 43. Ne2 Bf2 44. Nd4 c5 45. Nb3 Kc6 46. c4 Be1 47. Ke2 Bc3 48. Kd3 Be1 49. Nc1 Kb6 50. Kc2 Ka5 51. Nd3 Bg3 52. Kb3 Kb6 53. Kc3 Kc6 54. Kd2 Kb6 55. Ke3 {Hoping for a5+!} Kc6 $2 {[%mdl 8192]} (55... a5 $11) 56. a5 $18 Bh2 {[#]} 57. Kf3 $2 (57. Kf2 $1 $18 {[%cal Rf2f1] Threatens to win with Kf1.} Bg3+ 58. Kg2) 57... Bg1 $1 $11 58. Ke2 Bd4 $2 {[%mdl 8192] [#]} (58... Kd7 $11 {and Black is okay.}) 59. Kd2 $2 (59. Ne1 $1 $18) 59... Kc7 {The position is equal.} 60. Nc1 Kc6 61. Kd3 Kc7 62. Nb3 Bg1 63. Nd2 Kc6 64. Nf3 Bf2 65. Ke2 Bg3 66. Ke3 Kd7 67. Nd2 Be1 68. Nf3 Bg3 $1 69. Nd2 Be1 70. Nb3 Kc6 71. Ke2 Bg3 72. Kf3 Be1 73. Ke3 Bc3 74. Kd3 Be1 75. Ke2 {Accuracy: White = 77%, Black = 75%.} 1/2-1/2